000 00564nam a22001817a 4500
005 20251108164647.0
008 250721s1995 xx 000 0 ara d
082 1 4 _a811.909/حلم
100 1 _aبدير، حلمي
245 1 0 _aالإبداع و الشعر :
_bقراءة في نص القصيدة الحديثة /
264 1 _aالقاهرة :
_bدار المعارف،
_c1995.
300 _a152ص
650 1 7 _aالشعر العربي
650 1 7 _aالنقد الأدبي
650 1 7 _aالتاريخ الأدبي
942 _2ddc
_cBK
999 _c11194
_d11194